00670nam a2200121Ia 4500008004100000082001700041100002000058245014300078260003500221365000600256630014300262730014300405100415s9999 xx 000 0 und d b2108a582.16 aBlake Ernest G aThe Seasoning and Preservation of Timber : Being a Treatise on the Various Methods Employed for Drying and Preserving Timber Against Decay aLONDONc1924bCHAPMAN AND HALL b0 aThe Seasoning and Preservation of Timber : Being a Treatise on the Various Methods Employed for Drying and Preserving Timber Against Decay aThe Seasoning and Preservation of Timber : Being a Treatise on the Various Methods Employed for Drying and Preserving Timber Against Decay